Normal view MARC view
  • Occupational Safety and Health Administration

Entry Corporate Name

Number of records used in: 1

001 - CONTROL NUMBER

  • control field: 4471

003 - CONTROL NUMBER IDENTIFIER

  • control field: OSt

005 - DATE AND TIME OF LATEST TRANSACTION

  • control field: 20190806150233.0

008 - FIXED-LENGTH DATA ELEMENTS

  • fixed length control field: 030627n| aaannaabn |n ana d

040 ## - CATALOGING SOURCE

  • Original cataloging agency: OSt
  • Transcribing agency: OSt

110 ## - HEADING--CORPORATE NAME

  • Corporate name or jurisdiction name as entry element: Occupational Safety and Health Administration

410 ## - SEE FROM TRACING--CORPORATE NAME

  • Corporate name or jurisdiction name as entry element: Department of Labor Occupational Safety and Health Administration

410 ## - SEE FROM TRACING--CORPORATE NAME

  • Corporate name or jurisdiction name as entry element: US Department of Labor Occupational Safety and Health Administration

410 ## - SEE FROM TRACING--CORPORATE NAME

  • Corporate name or jurisdiction name as entry element: US Occupational Safety and Health Administration

670 ## - SOURCE DATA FOUND

  • Source citation: Design and construction requirements for exit routes, OSHA